Štruktúrne zmeny v slovenskej zamestnanosti bakalárska práca

Guardado en:
Detalles Bibliográficos
Autor principal: Čiljaková, Dominika
Autor Corporativo: Národohospodárska fakulta EU. Katedra hospodárskej politiky
Otros Autores: Valachová, Andrea, 1987-
Formato: Libro
Lenguaje:eslovaco
Publicado: Bratislava 2017
Etiquetas: Agregar Etiqueta
Sin Etiquetas, Sea el primero en etiquetar este registro!

MARC

LEADER 00000nbm a2200000 4500
001 0233856
005 20170731113212.5
041 0 |a slo 
044 |a SK 
245 1 0 |a Štruktúrne zmeny v slovenskej zamestnanosti  |b bakalárska práca  |c Dominika Čiljaková ; školiteľ: Andrea Valachová 
264 1 |a Bratislava  |c 2017 
300 |a 49 s. 
100 1 |a Čiljaková, Dominika 
700 1 |a Valachová, Andrea, 1987- 
710 2 |a Národohospodárska fakulta EU. Katedra hospodárskej politiky